000 00580nam a2200217 a 4500
001 0001-2097
003 ELIB.Books
008 190723 2010 eng
020 _a0802803636
092 _a266.001
_bVer
100 _aVerkuyl, J.
245 _aContemporary Missiology
260 _aGrand Rapids, Michigan
_bWilliam B. Eerdmans Publishing Company
_c1987
300 _a414
_c20cm
650 _aMission-Theory
856 _nKBTS Library
_uKBTS Elib
942 _2ddc
_cBK
990 _a3
998 _aEnglishbooks.elf
_ccat
_e2019-07-23
999 _c12097
_d12097